Bharat main shehri parivar aur parivar niyojan (Record no. 439699)

000 -LEADER
fixed length control field 00354cam a22001097a 4500
008 - FIXED-LENGTH DATA ELEMENTS--GENERAL INFORMATION
fixed length control field 180718b1986 xxu||||| |||| 00| 0 eng d
100 ## - MAIN ENTRY--PERSONAL NAME
Personal name Desai, S.R.
245 ## - TITLE STATEMENT
Title Bharat main shehri parivar aur parivar niyojan
Statement of responsibility, etc. by S.R.Desai
260 ## - PUBLICATION, DISTRIBUTION, ETC.
Place of publication, distribution, etc. Delhi vishvvidhyalya
Name of publisher, distributor, etc. Hindi Madhyam Karyanvay Nedeshalaya
Date of publication, distribution, etc. 1986
300 ## - PHYSICAL DESCRIPTION
Extent 214p.
650 ## - SUBJECT ADDED ENTRY--TOPICAL TERM
Topical term or geographic name entry element Family planning-india
Holdings
Withdrawn status Lost status Damaged status Not for loan Permanent Location Current Location Date acquired Barcode Date last seen Price effective from Koha item type
        Indian Institute of Public Administration Indian Institute of Public Administration 2010-05-04 72488 2018-07-21 2018-07-21 Book

Powered by Koha